Normal view
MARC view
Entry Personal Name
001 - CONTROL NUMBER
- control field: 45796
003 - CONTROL NUMBER IDENTIFIER
- control field: ARRUPE
005 - DATE AND TIME OF LATEST TRANSACTION
- control field: 20190423122112.0
008 - FIXED-LENGTH DATA ELEMENTS
- fixed length control field: 190423|| aca||aabn | a|a d
040 ## - CATALOGING SOURCE
- Original cataloging agency: ARRUPE
- Transcribing agency: ARRUPE
100 ## - HEADING--PERSONAL NAME
- Personal name: Gifford, Paul,
- Dates associated with a name: 1944-
670 ## - SOURCE DATA FOUND
- Source citation: Work cat.: (ARRUPE)0: Gifford, Paul, 1944-, The religious right in southern Africa /, c1988.